000 00513nam a2200193 a 4500
001 1767587676952
003 YourLibrary
005 20260105104547.0
008 260105s1999##################000#0#eng##
020 _a9780792360032
082 0 4 _a300
_bEMB
100 1 _aEmbree, Lester E.,
_eauthor.
245 1 0 _aSchutzian Social Science :
260 _bSpringer Science & Business Media,
_c1999.
300 _a356 pages
650 0 _aPhilosophy.
942 _cENGLISH
040 _aYourLibrary
_beng
_cYourLibrary
999 _c607292
_d607292